NFL Decoder #3 - Statistics

General Stats
  • This quiz has been taken 40 times
  • The average score is 8 of 12
Answer Stats
Hint Answer % Correct
U Penalty called when physical contact is made after a play is over: _________ Roughness Unnecessary
89%
Y 1992 & 1994 NFL MVP: Steve ______ Young
83%
B As the Colts moved to Indianapolis in 1984, this city was left without a team until 1996 Baltimore
78%
S Where the New Orleans Saints play their home games: Caesars ________ (Hint: where Super Bowl LIX was played) Superdome
78%
A School where number #1 overall draft picks Joe Namath and Bryce Young played college football Alabama
75%
W Offensive formation in which someone other than the quarterback takes the direct snap Wildcat
72%
N A players' strike shortened the 1982 NFL season, resulting in each team playing this many regular season games, instead of sixteen Nine
67%
T Host city of Super Bowls XVIII, XXV, XXXV, XLIII, and LV Tampa
64%
I Principal owner of the Indianapolis Colts, 1997-2025: Jim ______ Irsay
50%
J Quarterback who took the Eagles to the Super Bowl in 1980: Ron _______ Jaworski
50%
Just win baby!
47%
B Super Bowl XLVII halftime performer Beyoncé
42%
No matching quizzes found
Score Distribution
Percent of People with Each Score
Percentile by Number Answered
Your Score History
You have not taken this quiz